| Поле | Инд. | ПП | Название | Значение |
|---|---|---|---|---|
| Тип записи | a | |||
| Библиографический уровень | a | |||
| 001 | Контрольный номер | 121239270509496c9171795c22d67d29 | ||
| 005 | Дата корректировки | 20190527104139.2 | ||
| 100 | a | Данные общей обработки | 20190527 ||| 0rusy0189 ca | |
| 101 | 0_ | a | Язык текста | rus |
| 102 | a | Страна публикации | RU | |
| 200 | 1_ | f | Первые сведения об ответственности | М.А. Рожкова |
| a | Заглавие | Персональные и неперсональные данные как объекты гражданских прав | ||
| b | Общее обозначение материала | Текст | ||
| 210 | 1_ | d | Дата издания | 2019 |
| 461 | _0 | 1 | 2000 | |
| a | Хозяйство и право | |||
| 463 | _0 | 1 | 2000 | |
| a | № 5 | |||
| v | С. 15-21 | |||
| 1 | 2101 | |||
| d | 2019 | |||
| 1 | 0014f64631be3594cbf952e48358db24cdf | |||
| 606 | a | Основная рубрика | Гражданское и торговое право | |
| 610 | 0_ | a | Ключевые слова | ИНФОРМАЦИЯ |
| a | Ключевые слова | ПЕРСОНАЛЬНЫЕ ДАННЫЕ | ||
| 700 | _1 | a | Фамилия | Рожкова |
| b | Имя | М.А. | ||
| 801 | _0 | a | Страна | RU |
| b | Организация | РГУП | ||
| c | Дата составления | 20190527 | ||
| g | Правила каталогизации | PSBO | ||
| 801 | _1 | a | Страна | RU |
| b | Организация | РГУП | ||
| c | Дата составления | 20190527 | ||
| g | Правила каталогизации | PSBO | ||
| 901 | t | Тип документа | b | |
| w | Контрольный № источника | 4f64631be3594cbf952e48358db24cdf | ||
| 905 | a | Дата ввода | 20190527 |